000 01471nam a2200253Ia 4500
999 _c52162
_d52162
001 19169
003 GE_BSU
005 20210312140235.0
008 181216s2012||||ge |||||||||||||| ||geo||
040 _cGE_BSU
041 _ageo
080 _a811.111 С-16
100 _aСалуквадзе, Наталья Левановна
_910441
245 _aСемантико - прагматические аспекты языковых средств выражающих эмоции в межкультурном дискурсе /
_cНаталья Салуквадзе; Научн. руков. И. Гошхетелиани; Батумский гос. ун-т им. Шота Руставели. Департамент Европеистики.
264 _aБатуми :
_bБатумский гос. ун-т им. Ш. Руставели,
_c2012.
300 _a203 стр.
_b30 см.
653 _aСемантико-прагматические аспекты языковых средств выражающих эмоции в межкультурном дискурсе.
653 _aЯзыкознание
653 _aდისერტაცია
653 _aენათმეცნიერება
700 _aГошхетелиани, И.
_eНаучн. руководитель
_910442
710 _aБатумский гос. ун-т им. Шота Руставели
_bДепартамент Европеистики.
_910443
942 _cBK
_2udc